000 00315nam a22001457a 4500
008 210512b ||||| |||| 00| 0 eng d
020 _a9780131101517
041 _aeng
080 _a159.9
082 _a159.9
100 _a48
101 _aPSI
245 _aExploring your Role
_cJalongo,M.R
942 _2udc
_cBK
999 _c57290
_d57290